<?xml version="1.0" encoding="UTF-8"?><?xml-stylesheet type="text/xsl" href="static/style.xsl"?><OAI-PMH xmlns="http://www.openarchives.org/OAI/2.0/" xmlns:xsi="http://www.w3.org/2001/XMLSchema-instance" xsi:schemaLocation="http://www.openarchives.org/OAI/2.0/ http://www.openarchives.org/OAI/2.0/OAI-PMH.xsd"><responseDate>2026-04-14T19:27:51Z</responseDate><request verb="GetRecord" identifier="oai:uvadoc.uva.es:10324/48593" metadataPrefix="marc">https://uvadoc.uva.es/oai/request</request><GetRecord><record><header><identifier>oai:uvadoc.uva.es:10324/48593</identifier><datestamp>2025-03-26T19:45:17Z</datestamp><setSpec>com_10324_35623</setSpec><setSpec>com_10324_5186</setSpec><setSpec>com_10324_29291</setSpec><setSpec>col_10324_48590</setSpec></header><metadata><record xmlns="http://www.loc.gov/MARC21/slim" xmlns:doc="http://www.lyncode.com/xoai" xmlns:xsi="http://www.w3.org/2001/XMLSchema-instance" xmlns:dcterms="http://purl.org/dc/terms/" xsi:schemaLocation="http://www.loc.gov/MARC21/slim http://www.loc.gov/standards/marcxml/schema/MARC21slim.xsd">
<leader>00925njm 22002777a 4500</leader>
<datafield tag="042" ind1=" " ind2=" ">
<subfield code="a">dc</subfield>
</datafield>
<datafield tag="720" ind1=" " ind2=" ">
<subfield code="a">Atzori, Chiara</subfield>
<subfield code="e">author</subfield>
</datafield>
<datafield tag="260" ind1=" " ind2=" ">
<subfield code="c">2011</subfield>
</datafield>
<datafield tag="520" ind1=" " ind2=" ">
<subfield code="a">La escritora mexicana Ángeles Mastretta, con estilo eficaz e ironía, cuenta las estrategias empleadas por un grupo de mujeres mexicanas valientes y originales, rebeldes y modernas, que logran conquistar un espacio de libertad en sus vidas, a pesar de vivir en la sociedad mexicana del primer tercio del siglo XX, dominada por una hegemonía homocentrista.</subfield>
</datafield>
<datafield tag="024" ind2=" " ind1="8">
<subfield code="a">Ogigia. Revista Electrónica de Estudios Hispánicos; Núm. 10 (2011): Homenaje al profesor Dr. William Martínez Jr. pags. 39-45</subfield>
</datafield>
<datafield tag="024" ind2=" " ind1="8">
<subfield code="a">1887-3731</subfield>
</datafield>
<datafield tag="024" ind2=" " ind1="8">
<subfield code="a">https://uvadoc.uva.es/handle/10324/48593</subfield>
</datafield>
<datafield tag="024" ind2=" " ind1="8">
<subfield code="a">10.24197/ogigia.10.2011.39-45</subfield>
</datafield>
<datafield tag="024" ind2=" " ind1="8">
<subfield code="a">39</subfield>
</datafield>
<datafield tag="024" ind2=" " ind1="8">
<subfield code="a">10</subfield>
</datafield>
<datafield tag="024" ind2=" " ind1="8">
<subfield code="a">45</subfield>
</datafield>
<datafield tag="245" ind1="0" ind2="0">
<subfield code="a">La perspectiva femenina en la obra Mujeres de ojos grandes, de Ángeles Mastretta</subfield>
</datafield>
</record></metadata></record></GetRecord></OAI-PMH>